书目信息 |
| 题名: |
山寨经济发展研究
|
|
| 作者: | 白晋湘 著 | |
| 分册: | ||
| 出版信息: | 北京 民族出版社 2006 |
|
| 页数: | 292页 | |
| 开本: | 21cm | |
| 丛书名: | ||
| 单 册: | ||
| 中图分类: | F327.7 | |
| 科图分类: | ||
| 主题词: | 山区经济--经济发展--研究--西南地区 , 山区经济 , 经济发展 | |
| 电子资源: | ||
| ISBN: | 7-105-07947-9 | |
| 000 | 01104nam0 2200277 450 | |
| 001 | 003384783 | |
| 005 | 20070807145632.78 | |
| 010 | @a7-105-07947-9@dCNY26.00 | |
| 035 | @a003384783 | |
| 100 | @a20070124d2006 em y0chiy0110 ea | |
| 101 | 0 | @achi@deng |
| 102 | @aCN@b110000 | |
| 105 | @ay z 000yy | |
| 106 | @ar | |
| 200 | 1 | @a山寨经济发展研究@Ashan zhai jing ji fa zhan yan jiu@e以武陵山区为例@Eyi wu ling shan qu wei li@f白晋湘著@Fbai jin xiang zhu |
| 210 | @a北京@c民族出版社@d2006 | |
| 215 | @a292页@d21cm | |
| 300 | @a湖南省优秀社科学术著作 湖南省自然科学基金资助课题 | |
| 330 | @a本书以武陵山区经济发展研究为个案,通过对生活在武陵山寨的农民利用特有的自然条件和资源所进行的种植业、养殖业、加工业、服务业等商品性生产经营活动的研究,探索出典型环境中山寨经济发展的路径,给地处同类环境中的山寨经济的发展提供一个典型的范例,并建构起山寨经济发展的一般理论框架。 | |
| 606 | 0 | @a山区经济@x经济发展@x研究@y西南地区 |
| 606 | 0 | @a山区经济 |
| 606 | 0 | @a经济发展 |
| 690 | @aF327.7@v4 | |
| 701 | 0 | @a白晋湘@Abai jin xiang@f(1962~)@4著 |
| 801 | 0 | @aCN@bNLC@c20070807 |
| 905 | @dF327.7@e110@f1 | |
| 山寨经济发展研究:以武陵山区为例/白晋湘著.-北京:民族出版社,2006 |
| 292页;21cm |
| 湖南省优秀社科学术著作 湖南省自然科学基金资助课题 |
| ISBN 7-105-07947-9:CNY26.00 |
| 本书以武陵山区经济发展研究为个案,通过对生活在武陵山寨的农民利用特有的自然条件和资源所进行的种植业、养殖业、加工业、服务业等商品性生产经营活动的研究,探索出典型环境中山寨经济发展的路径,给地处同类环境中的山寨经济的发展提供一个典型的范例,并建构起山寨经济发展的一般理论框架。 |
| ● |
| 相关链接 |
|
|
|
|
正题名:山寨经济发展研究
索取号:F327.7/110
 
预约/预借
| 序号 | 登录号 | 条形码 | 馆藏地/架位号 | 状态 | 备注 |
| 1 | 0853410 | 208534102 | 第一样本阅览室/ [索取号:F327.7/110] | 在馆 |